000 00588nam a2200181Ia 4500
008 090123s9999 xx 000 0 und d
082 _b32650
100 _aमाडगुळकर ग.दी.
245 _aमंतरलेले दिवस
250 _a1
260 _bविश्वमोहिनी प्रकाशन
_c2001
300 _a172
600 _aमाडगुळकर ग.दी.
630 _aमंतरलेले दिवस
700 _aमाडगुळकर ग.दी.
730 _aमंतरलेले दिवस
942 _cBOOK
999 _c70709
_d70709